| 000 | 00000nam##2200000za#4500 |
| 001 | 9.605223 |
| 003 | CaOODSP |
| 005 | 20240206145613 |
| 007 | cr ||||||||||| |
| 008 | 150406|2006||||xxc|||||o f|0| 0 fre|d |
| 040 | |aCaOODSP|bfre |
| 043 | |an-cn--- |
| 086 | 1 |aTU3-6/06-104F-PDF |
| 110 | 2 |aBureau de la sécurité des transports du Canada. |
| 245 | 10|aDéraillement en voie principale - Chemin de fer Canadien Pacifique Train de marchandises no CP 803-111 Point milliaire 97,4 de la subdivision Ashcroft du Canadien National Lytton (Colombie-Britannique), le 31 juillet 2006 |h[ressource électronique] |
| 260 | |aOttawa - Ontario : |bBureau de la sécurité des transports du Canada |c[2006]. |
| 300 | |a28p.|bfigures, références |
| 490 | 1 |aRapport d'enquête sur un accident ferroviaire |vR06C0104 |
| 590 | |a13-08-Supp|b2013-04-02 |
| 775 | 08|tMain-track train derailment - Canadian Pacific Railway Freight Train CP 803-111 Mile 97.4, Canadian National Ashcroft Subdivision Lytton, British Columbia, 31 July 2006 |w(CaOODSP)9.575802 |
| 830 | #0|aRapport d'enquête sur un accident ferroviaire ;|vR06C0104|w(CaOODSP)9.501252 |
| 856 | 40|ahttp://publications.gc.ca|qPDF|s928 Ko|uhttps://publications.gc.ca/collections/collection_2013/bst-tsb/TU3-6-06-104-fra.pdf|yR06C0104 |